Patentes de invención y monopolio de importación: el caso del propanil

Պահպանված է:
Մատենագիտական մանրամասներ
Համատեղ հեղինակ: Costa Rica. Oficina de Planificación Nacional y Política Económica
Ձևաչափ: Տեքստ
Հրապարակվել է: San José: La Oficina
Ցուցիչներ: Ավելացրեք ցուցիչ
Չկան պիտակներ, Եղեք առաջինը, ով նշում է այս գրառումը!

MARC

LEADER 00000 a a2200000 04500
001 15040
003
040 |a CRAI/IIS  |c CRAI/IIS 
090 |a 023800  
110 |a Costa Rica. Oficina de Planificación Nacional y Política Económica  
245 |a Patentes de invención y monopolio de importación: el caso del propanil  
260 |a San José:   |b La Oficina  
300 |a 12 p  
999 |c 7024  |d 7024